[Event "Paris-ch op-B 87th"]
[Site "Paris"]
[Date "2012.07.10"]
[Round "4"]
[White "Sauvetre, Alain"]
[Black "Jamain, Florian"]
[Result "1-0"]
[WhiteElo "1976"]
[BlackElo "1883"]
[PlyCount "73"]
[EventDate "2012.07.07"]
[EventType "swiss"]
[EventRounds "9"]
[EventCountry "FRA"]
[SourceTitle "EXT 2013"]
[Source "ChessBase"]
[SourceDate "2012.11.22"]
[SourceVersion "1"]
[SourceVersionDate "2012.11.22"]
[SourceQuality "1"]

1. e4 c5 2. d4 cxd4 3. c3 Nf6 4. e5 Nd5 5. Nf3 Nc6 6. Bc4 Nb6 7. Bb3 d5 8. exd6 Qxd6 9. 0-0 d3 10. Na3 Bf5 11. Nb5 Qd7 12. Be3 e6 13. Nxa7 Nd5 14. Nxc6 bxc6 15. Ne5 Qd6 16. Bd4 Nf4 17. Qf3 Ne2+ 18. Kh1 Nxd4 19. cxd4 Ra6 20. Nxf7 Kxf7 21. Qxf5+ Ke8 22. Rfe1 Be7 23. Qxd3 Ra7 24. Rxe6 Qf4 25. Rae1 Kd8 26. d5 Bd6 27. g3 Qxf2 28. dxc6 Qc5 29. Rxd6+ Kc8 30. Be6+ Kc7 31. Rd7+ Kxc6 32. Rxa7 Qxa7 33. Rc1+ Kb7 34. Qd7+ Ka8 35. Bd5+ Kb8 36. Qd6+ Qc7 37. Qxc7# 1-0

[Event "Paris-ch op-B 87th"]
[Site "Paris"]
[Date "2012.07.08"]
[Round "2"]
[White "Herve, Pierre"]
[Black "Jamain, Florian"]
[Result "1-0"]
[WhiteElo "2109"]
[BlackElo "1883"]
[PlyCount "79"]
[EventDate "2012.07.07"]
[EventType "swiss"]
[EventRounds "9"]
[EventCountry "FRA"]
[SourceTitle "EXT 2013"]
[Source "ChessBase"]
[SourceDate "2012.11.22"]
[SourceVersion "1"]
[SourceVersionDate "2012.11.22"]
[SourceQuality "1"]

1. e4 c5 2. Nc3 a6 3. a4 e6 4. Bc4 Nc6 5. d3 h6 6. Nf3 Nge7 7. 0-0 d5 8. Bb3 d4 9. Ne2 e5 10. Nd2 g5 11. Ng3 Bg7 12. Qh5 0-0 13. Nf3 Qd6 14. Nxg5 hxg5 15. Bxg5 Be6 16. f4 Bxb3 17. fxe5 Bxe5 18. cxb3 Qg6 19. Qh4 f6 20. Bf4 Rf7 21. Bxe5 Nxe5 22. Nh5 Raf8 23. Rf4 f5 24. Raf1 Nxd3 25. R4f3 fxe4 26. Nf6+ Rxf6 27. Rxf6 Rxf6 28. Rxf6 Qg7 29. Re6 Kf8 30. Qxe4 Nxb2 31. Qxb7 d3 32. Rd6 Qg5 33. Rd8+ Kf7 34. Qf3+ Qf5 35. Qe3 Nd5 36. Qe8+ Kf6 37. Rd6+ Kg5 38. Qg8+ Kf4 39. Rxd5 Qe4 40. Qg3# 1-0